Biện pháp quản lý chất lượng giáo dục tại các trường, lớp mầm non tư thục quận Sơn Trà, Thành phố Đà Nẵng trong giai đoạn hiện nay.

Cơ sở lý luận của vấn đề nghiên cứu...Thực trạng chất lượng giáo dục các trường, lớp mầm non tư thục trên địa bàn quận Sơn Trà thành phố Đà Nẵng...Các biện pháp quản lý chất lượng giáo dục các trường, lớp mầm non tư thục trên địa bàn quận Sơn Trà thành phố Đà Nẵng trong giai đoạn hiện nay....

Ful tanımlama

Kaydedildi:
Detaylı Bibliyografya
Yazar: Nguyễn Đắc Xứng
Diğer Yazarlar: Huỳnh Thị Thu Hằng hướng dẫn (TS)
Materyal Türü: Kitap
Dil:Vietnamese
Baskı/Yayın Bilgisi: Đà Nẵng Đại học Đà Nẵng 2007
Konular:
Etiketler: Etiketle
Etiket eklenmemiş, İlk siz ekleyin!
Thư viện lưu trữ: Mạng thư viện Đại học Đà Nẵng
LEADER 01827nam a2200325 4500
001 000010807
003 7026
005 20111221101207.0
008 111221s2007 viesd
041 |a vie 
072 |a Luận văn thạc sĩ giáo dục học 
082 |a 372.1  |b NG-X 
100 1 |a Nguyễn Đắc Xứng 
245 1 |a Biện pháp quản lý chất lượng giáo dục tại các trường, lớp mầm non tư thục quận Sơn Trà, Thành phố Đà Nẵng trong giai đoạn hiện nay.  |c Nguyễn Đắc Xứng 
260 |a Đà Nẵng  |b Đại học Đà Nẵng  |c 2007 
300 |a 79 tr  |c 29 cm  |e Bản tóm tắt 
500 |a Luận văn thạc sĩ giáo dục học: Chuyên ngành:Quản lý giáo dục. Mã số: 60.14.05 
520 |a Cơ sở lý luận của vấn đề nghiên cứu...Thực trạng chất lượng giáo dục các trường, lớp mầm non tư thục trên địa bàn quận Sơn Trà thành phố Đà Nẵng...Các biện pháp quản lý chất lượng giáo dục các trường, lớp mầm non tư thục trên địa bàn quận Sơn Trà thành phố Đà Nẵng trong giai đoạn hiện nay. 
653 |a các trường,lớp mầm non tại thành phố Đà Nẵng  |a chất lượng giáo dục  |a Biện pháp quản lý 
700 |a Huỳnh Thị Thu Hằng  |c hướng dẫn  |e TS 
OWN |a LSP 
AVA |a UDN50  |b LSP  |d 372.1 NG-X  |e available  |t Error 5001 Not defined in file expand_doc_bib_avail.  |f 1  |g 0  |h N  |i 0  |k 1 
999 |a From the UDN01 
AVA |a UDN50  |b LSP  |d 372.1 NG-X  |e available  |t Error 5001 Not defined in file expand_doc_bib_avail.  |f 1  |g 0  |h N  |i 0  |k 1 
TYP |a Monograph 
TYP |a Printed language 
980 |a Mạng thư viện Đại học Đà Nẵng